000 01675nam a2200277Ia 4500
999 _c55926
_d55926
001 23024
003 GE_BSU
005 20230627115633.0
008 181216s2006||||ge |||||||||||||| ||geo||
020 _a99940-830-6-6 წ-73
040 _cGE_BSU
041 _ageo
080 _a821.353.1-343.5 წ-73
100 _aწოწონავა, თენგიზ
_918994
245 _aრას გვიამბობს ქართული აგიოგრაფიული მწერლობა :
_bსაბავშვო ქრესტომატია /
_cთენგიზ წოწონავა ; რედ. დავით შარაშენიძე ; მხატვ. ოთარ ქანდარია.
264 _aთბილისი :
_bთენგიზ წოწონავას საავტ. გამ-ბა,
_c2006.
300 _a360 გვ. ;
_c20 სმ.
500 _aდაიბეჭდა კათოლიკოს-პატრიარქის ილია II ლოცვა-კურთხევით
520 _aდაიბეჭდა კათოლიკოს-პატრიარქის ილია II ლოცვა-კურთხევით.
541 _h7ლ. 50თ.
653 _aრას გვიამბობს ქართული აგიოგრაფიული მწერლობა
653 _aსაბავშვო ქრესტომატია
700 _a შარაშენიძე, დავით
_eრედაქტორი
_918995
700 _aქანდარია, ოთარ
_eმხატვარი
_918996
942 _cBK
_2udc